| 000 | 00599nam a22001575i 4500 | ||
|---|---|---|---|
| 001 | 173050 | ||
| 003 | ES-MaACL | ||
| 005 | 20240229062731.0 | ||
| 008 | 091020s1810 sp |||| | spa d | ||
| 245 | 0 | 3 | _aEl duende de nuestros exércitos descubierto por un buen patriota. |
| 260 |
_aCádiz : _b[s.n.], _c1810 ( _fNicolás Gómez de Requena) |
||
| 300 |
_a13, [10] p. ; _c20 cm. |
||
| 651 | 4 |
_aEspaña- _xHistoria- _y1808-1814, Guerra de la Independencia _98244 |
|
| 852 |
_aES-MaACL _jR-3318(14) _z.- Enc. en un vol. facticio con otras obras formando "Miscelanea patriotica" |
||
| 999 |
_c173050 _d173050 |
||